Oruvattamkoodi ente paadapusthakangal (3 volume set)(ഒരു വട്ടം കൂടി എൻെറ പാഠപുസ്തകങ്ങൾ) (Record no. 115320)

MARC details
000 -LEADER
fixed length control field 00342 a2200097 4500
020 ## - INTERNATIONAL STANDARD BOOK NUMBER
International Standard Book Number 9789352823321
100 ## - MAIN ENTRY--PERSONAL NAME
Personal name V Mandusoodanan Nair, ed.
245 ## - TITLE STATEMENT
Title Oruvattamkoodi ente paadapusthakangal (3 volume set)(ഒരു വട്ടം കൂടി എൻെറ പാഠപുസ്തകങ്ങൾ)
260 ## - PUBLICATION, DISTRIBUTION, ETC. (IMPRINT)
Name of publisher, distributor, etc D C books
Date of publication, distribution, etc 2024
942 ## - ADDED ENTRY ELEMENTS (KOHA)
Koha item type On order/under processing
Holdings
Withdrawn status Lost status Damaged status Not for loan Home library Current library Date acquired Source of acquisition Cost, normal purchase price Total Checkouts Barcode Date last seen Cost, replacement price Price effective from Koha item type
        University Library University Library 02/03/2026 275 2532.79   00097402 02/03/2026 3799.00 02/03/2026 On order/under processing
        University Library University Library 02/03/2026 275 0.00   00097404 02/03/2026 0.00 02/03/2026 On order/under processing
        University Library University Library 02/03/2026 275 0.00   00097403 02/03/2026 0.00 02/03/2026 On order/under processing
University Library, CUSAT